000 00657nam a2200229 a 4500
001 000013188
003 DO-SdBNP
005 20240412074238.0
008 091120t1979 es 000 j spa d
020 _z49928044
040 _aDO-SdBNP
_bspa
_cBNPHU
082 4 _aRD863.44
_bT315b
_222
100 1 _aTerc, Nemén Michel
_925878
245 1 4 _aLas bofetadas /
_cNemén Michel Terc.
260 _aZaragoza, España :
_bCometa,
_c1979.
300 _a157 p. ;
_c19 cm.
590 _aInventariado, 2020/VM
650 0 _aCuentos dominicanos
_9176
650 0 _aLiteratura dominicana.
_967
910 _aValidado. Control de calidad EMS.
942 _2ddc
_cLBS1
999 _c12827
_d12827